Techno-economic analysis of PV systems installed by using innovative strategies for smart sustainable agriculture farms / (Record no. 603248)

000 -LEADER
fixed length control field 00551nam a2200169Ia 4500
008 - FIXED-LENGTH DATA ELEMENTS--GENERAL INFORMATION
fixed length control field 230925s9999||||xx |||||||||||||| ||und||
082 ## - DEWEY DECIMAL CLASSIFICATION NUMBER
Classification number 621.3 AZI
100 ## - MAIN ENTRY--PERSONAL NAME
Personal name Aziz, Yahya (318456)
9 (RLIN) 118281
245 #0 - TITLE STATEMENT
Title Techno-economic analysis of PV systems installed by using innovative strategies for smart sustainable agriculture farms /
260 ## - PUBLICATION, DISTRIBUTION, ETC.
Name of publisher, distributor, etc. USPCAS-E, NUST,Islamabad :
Date of publication, distribution, etc. 2023
300 ## - PHYSICAL DESCRIPTION
Extent xii, 56 p.
520 ## - SUMMARY, ETC.
Summary, etc. TH-501
650 ## - SUBJECT ADDED ENTRY--TOPICAL TERM
Form subdivision MS Thesis
9 (RLIN) 18721
650 ## - SUBJECT ADDED ENTRY--TOPICAL TERM
Form subdivision MS-EEP Thesis
700 ## - ADDED ENTRY--PERSONAL NAME
Personal name Dr. Muhammad Hassan
9 (RLIN) 117268
942 ## - ADDED ENTRY ELEMENTS (KOHA)
Koha item type Thesis
Source of classification or shelving scheme
Holdings
Withdrawn status Lost status Source of classification or shelving scheme Damaged status Not for loan Permanent Location Current Location Date acquired Full call number Barcode Date last seen Price effective from Koha item type
          US-Pakistan Center for Advanced Studies in Energy (USPCAS-E) US-Pakistan Center for Advanced Studies in Energy (USPCAS-E) 08/10/2023 621.3 AZI CAS-ETH0000501 09/25/2023 09/25/2023 Thesis
© 2023 Central Library, National University of Sciences and Technology. All Rights Reserved.